Les villes les plus peuplées de chaque pays - Statistiques

Statistiques générales
  • Ce quiz a été pris 169 fois
    122 depuis la dernière actualisation
  • Le résultat moyen est 97 sur 197
Réponses sur la Carte
Les réponses sont colorées sur une échelle allant du rouge au vert en fonction du pourcentage des utilisateurs qui les ont devinées à leur premier essai. Vous pouvez retrouver ces pourcentages ci-dessous.
 
Statistiques - réponses
Pays Nombre d'habitants Ville % Correct
France 2 200 000 Paris
95%
Espagne 3 300 000 Madrid
92%
Allemagne 3 700 000 Berlin
90%
Royaume-Uni 9 300 000 Londres
90%
Mexique 21 600 000 Mexico
90%
États-Unis 8 300 000 New York
89%
Russie 12 500 000 Moscou
88%
Algérie 2 900 000 Alger
87%
Argentine 2 900 000 Buenos Aires
87%
Norvège 710 000 Oslo
87%
Belgique 1 200 000 Bruxelles
86%
Portugal 505 000 Lisbonne
85%
Irlande 1 200 000 Dublin
84%
Finlande 650 000 Helsinki
84%
Italie 2 800 000 Rome
84%
Australie 5 300 000 Sydney
83%
Japon 37 800 000 Tokyo
81%
Ukraine 2 800 000 Kiev
80%
Suède 972 000 Stockholm
80%
Pays-Bas 872 000 Amsterdam
79%
Égypte 9 200 000 Le Caire
79%
Tunisie 2 800 000 Tunis
79%
Autriche 1 900 000 Vienne
79%
Grèce 3 700 000 Athènes
77%
Danemark 1 300 000 Copenhague
77%
Turquie 15 500 000 Istanbul
77%
Brésil 21 700 000 Sao Paulo
77%
Corée du Sud 9 700 000 Séoul
77%
Pologne 1 800 000 Varsovie
77%
Hongrie 1 800 000 Budapest
76%
Croatie 800 000 Zagreb
76%
Chine 26 300 000 Shanghai
75%
Bulgarie 1 300 000 Sofia
75%
Roumanie 1 800 000 Bucarest
74%
Colombie 7 400 000 Bogota
73%
Inde 18 400 000 Bombay / Mumbai
73%
Bangladesh 21 500 000 Dacca
73%
Pérou 9 700 000 Lima
73%
République Tchèque 1 300 000 Prague
73%
Islande 130 000 Reykjavik
72%
Biélorussie 1 800 000 Minsk
71%
Canada 6 200 000 Toronto
71%
Suisse 430 000 Zurich
71%
Andorre 22 000 Andorre-la-Vieille
70%
Maroc 3 300 000 Casablanca
70%
Émirats arabes unis 3 100 000 Dubaï
70%
Indonésie 10 400 000 Jakarta
70%
Cuba 2 100 000 La Havane
70%
Luxembourg 119 000 Luxembourg
70%
Israël 890 000 Jérusalem
69%
Albanie 800 000 Tirana
69%
Serbie 1 300 000 Belgrade
68%
Lettonie 632 000 Riga
68%
Uruguay 1 300 000 Montevideo
67%
Bosnie-Herzégovine 275 000 Sarajevo
67%
Iran 8 700 000 Téhéran
67%
Lituanie 543 000 Vilnius
67%
Chili 7 200 000 Santiago
66%
Sénégal 2 600 000 Dakar
65%
Afrique du Sud 4 400 000 Johannesburg
64%
Monaco 39 000 Monaco
64%
Arabie Saoudite 7 600 000 Riyad
64%
Libye 1 100 000 Tripoli
64%
Afghanistan 4 600 000 Kaboul
63%
Vatican 800 Vatican
63%
Mongolie 1 500 000 Oulan-Bator
62%
Panama 1 700 000 Panama
62%
Corée du Nord 2 800 000 Pyongyang
62%
Estonie 440 000 Tallinn
62%
Irak 7 100 000 Bagdad
61%
Thaïlande 8 300 000 Bangkok
61%
Liban 2 200 000 Beyrouth
61%
République démocratique du Congo 11 500 000 Kinshasa
61%
Slovénie 292 000 Ljubljana
61%
Slovaquie 429 000 Bratislava
60%
Malte 6 500 La Valette
59%
Madagascar 1 900 000 Antananarivo
58%
Moldavie 663 000 Chisinau
58%
Chypre 330 000 Nicosie
57%
République du Congo 2 400 000 Brazzaville
56%
Qatar 1 500 000 Doha
56%
Guatemala 3 000 000 Guatemala
56%
Mali 2 700 000 Bamako
55%
Venezeula 2 900 000 Caracas
55%
Azerbaïdjan 2 000 000 Bakou
54%
Jamaïque 600 000 Kingston
54%
Saint-Vincent-et-les-Grenadines 16 000 Kingstown
54%
Malaisie 1 700 000 Kuala Lumpur
54%
Paraguay 525 000 Asuncion
53%
Nigeria 13 500 000 Lagos
53%
Saint-Marin 4 000 Saint-Marin
53%
Singapour 5 700 000 Singapour
53%
Macédoine du Nord 544 000 Skopje
53%
Liechtenstein 5 000 Vaduz
53%
Côte d'Ivoire 4 700 000 Abidjan
51%
Djibouti 600 000 Djibouti
51%
Arménie 1 100 000 Erevan
51%
Koweït 4 300 000 Koweït
51%
Haïti 2 700 000 Port-au-Prince
51%
Kosovo 210 000 Pristina
51%
Éthiopie 3 400 000 Addis-Abeba
49%
Kenya 4 400 000 Nairobi
49%
Soudan 5 900 000 Khartoum
48%
Géorgie 1 100 000 Tbilissi
48%
Monténégro 186 000 Podgorica
47%
Népal 1 200 000 Katmandou
45%
Niger 1 200 000 Niamey
45%
Burkina Faso 1 600 000 Ouagadougou
45%
Ghana 2 300 000 Accra
43%
Viêt Nam 8 400 000 Hô Chi Minh-Ville
43%
Gabon 700 000 Libreville
43%
Angola 6 500 000 Luanda
43%
Cambodge 1 600 000 Phnom Penh
43%
Jordanie 4 000 000 Amman
42%
Yémen 2 500 000 Sanaa
42%
Costa Rica 340 000 San José
42%
Laos 820 000 Vientiane
42%
Nouvelle-Zélande 1 700 000 Auckland
41%
Mauritanie 1 200 000 Nouakchott
41%
Salvador 1 700 000 San Salvador
41%
Guinée 1 600 000 Conakry
40%
Bahamas 274 000 Nassau
40%
Somalie 2 100 000 Mogadiscio
39%
République dominicaine 3 300 000 Saint-Domingue
39%
Ouzbékistan 2 500 000 Tachkent
39%
Guinée-Bissau 406 000 Bissau
37%
Sierra Leone 1 200 000 Freetown
37%
Togo 1 800 000 Lomé
37%
Honduras 1 200 000 Tegucigalpa
37%
République centrafricaine 1 100 000 Bangui
36%
Tanzanie 6 700 000 Dar es Salaam
36%
Pakistan 16 600 000 Karachi
36%
Oman 1 300 000 Mascate
36%
Namibie 325 000 Windhoek
36%
Bahreïn 164 000 Manama
35%
Tchad 1 200 000 N'Djaména
35%
Sao Tomé-et-Principe 70 000 Sao Tomé
35%
Guyana 120 000 Georgetown
34%
Maldives 133 000 Malé
34%
Mozambique 1 200 000 Maputo
34%
Sri Lanka 2 300 000 Colombo
33%
Kirghizistan 1 200 000 Bichkek
32%
Maurice 149 000 Port-Louis
32%
Rwanda 1 100 000 Kigali
31%
Nicaragua 1 500 000 Managua
31%
Zimbabwe 1 600 000 Harare
30%
Cap-Vert 160 000 Praia
30%
Seychelles 27 000 Victoria
30%
Syrie 4 400 000 Alep
29%
Gambie 35 000 Banjul
29%
Papouasie-Nouvelle-Guinée 317 000 Port Moresby
29%
Érythrée 850 000 Asmara
28%
Ouganda 2 100 000 Kampala
28%
Zambie 1 500 000 Lusaka
28%
Suriname 240 000 Paramaribo
28%
Timor Oriental 233 000 Dili
27%
Bhoutan 115 000 Thimphou
27%
Turkménistan 1 100 000 Achgabat
25%
Cameroun 3 700 000 Douala
25%
Tadjikistan 802 000 Douchanbé
24%
Botswana 250 000 Gaborone
24%
Comores 80 000 Moroni
24%
Palestine 500 000 Gaza
23%
Malawi 1 100 000 Lilongwe
23%
Lesotho 330 000 Maseru
23%
Libéria 1 000 000 Monrovia
23%
Fidji 93 000 Suva
23%
Bénin 1 100 000 Cotonou
22%
Trinité-et-Tobago 37 000 Port-d'Espagne
22%
Dominique 17 000 Roseau
22%
Barbade 110 000 Bridgetown
21%
Sainte-Lucie 11 000 Castries
21%
Guinée équatoriale 150 000 Malabo
21%
Antigua-et-Barbuda 22 000 Saint John's
21%
Brunei 21 000 Bandar Seri Begawan
20%
Saint-Christophe-et-Niévès 14 000 Basseterre
20%
Soudan du Sud 450 000 Djouba
20%
Vanuatu 44 000 Port-Vila
20%
Samoa 38 000 Apia
19%
Tuvalu 6 000 Funafuti
19%
Grenade 4 500 Saint George's
18%
Tonga 24 000 Nuku'alofa
17%
Kazakhstan 1 900 000 Almaty
16%
Belize 70 000 Belize City
16%
Burundi 800 000 Bujumbura
16%
Équateur 2 600 000 Guayaquil
16%
Micronésie 7 000 Palikir
16%
Îles Salomon 84 000 Honiara
15%
Myanmar (Birmanie) 7 400 000 Rangoun / Yangon
15%
Îles Marshall 28 000 Majuro
14%
Nauru 1 100 Yaren
14%
Palaos 300 Ngerulmud
13%
Philippines 2 900 000 Quezon
10%
Bolivie 1 500 000 Santa Cruz
9%
Taiwan 4 000 000 New Taipei
5%
Eswatini 95 000 Manzini
2%
Kiribati 56 000 South Tarawa
1%
Aucun quiz correspondant
Distribution des résultats
% des personnes avec chaque résultat
Percentile par nombre de réponses
Votre historique - résultats
Vous n’avez pas pris ce quiz depuis la dernière actualisation